[Event "DEM U14 2018"]
[Site "Willingen GER"]
[Date "2018.05.20"]
[Round "2"]
[White "Kotyk, Michael"]
[Black "Trifan, Andrei Ioan"]
[Result "0-1"]
[Termination "normal"]
[Board "2"]
[WhiteElo "2064"]
[BlackElo "2204"]
[WhiteClock "00:40:12"]
[BlackClock "00:24:26"]
[PlyCount "116"]
[WhiteFideId "16214501"]
[BlackFideId "12967068"]
[EventCountry "GER"]
[EventRounds "9"]
[EventType "swiss"]
[EventDate "2018.05.19"]

1. e4 {[%clk 1:30:59]} 1... e5 {[%clk 1:29:56]} 2. Nc3 {[%clk 1:31:23]} 2...
Nc6 {[%clk 1:29:37]} 3. g3 {[%clk 1:31:48]} 3... Nf6 {[%clk 1:27:26]} 4. Bg2 {
[%clk 1:31:56]} 4... Bc5 {[%clk 1:25:27]} 5. Nge2 {[%clk 1:31:51]} 5... O-O {
[%clk 1:20:27]} 6. O-O {[%clk 1:31:44]} 6... a6 {[%clk 1:18:26]} 7. d3 { [%clk
1:31:40]} 7... d6 {[%clk 1:14:45]} 8. h3 {[%clk 1:31:44]} 8... Be6 { [%clk
1:11:20]} 9. Nd5 {[%clk 1:30:29]} 9... h6 {[%clk 1:07:37]} 10. Kh2 { [%clk
1:29:57]} 10... Bxd5 {[%clk 1:03:57]} 11. exd5 {[%clk 1:30:18]} 11... Ne7
{[%clk 1:03:45]} 12. c4 {[%clk 1:26:21]} 12... Nd7 {[%clk 0:57:27]} 13. a3 {
[%clk 1:22:45]} 13... c6 {[%clk 0:55:42]} 14. b4 {[%clk 1:22:25]} 14... Ba7 {
[%clk 0:54:50]} 15. dxc6 {[%clk 1:20:35]} 15... bxc6 {[%clk 0:52:45]} 16. Bb2 {
[%clk 1:17:35]} 16... Rb8 {[%clk 0:45:07]} 17. Qa4 {[%clk 1:14:46]} 17... Nc5 {
[%clk 0:41:14]} 18. bxc5 {[%clk 1:11:27]} 18... Rxb2 {[%clk 0:40:17]} 19. cxd6
{[%clk 1:09:30]} 19... Qxd6 {[%clk 0:38:24]} 20. Qxa6 {[%clk 1:09:48]} 20...
Bc5 {[%clk 0:38:00]} 21. Nc3 {[%clk 1:08:06]} 21... f5 {[%clk 0:30:47]} 22. Na4
{[%clk 0:50:34]} 22... Rxf2 {[%clk 0:30:32]} 23. Nxc5 {[%clk 0:44:37]} 23...
Qxc5 {[%clk 0:30:45]} 24. Rxf2 {[%clk 0:44:52]} 24... Qxf2 {[%clk 0:31:13]} 25.
Rf1 {[%clk 0:45:16]} 25... Qe2 {[%clk 0:25:31]} 26. Qa7 {[%clk 0:42:06]} 26...
Ng6 {[%clk 0:22:30]} 27. Qd7 {[%clk 0:38:10]} 27... f4 {[%clk 0:18:49]} 28. Rf3
{[%clk 0:38:09]} 28... Rf6 {[%clk 0:17:00]} 29. a4 {[%clk 0:35:11]} 29... Nh4 {
[%clk 0:14:50]} 30. gxh4 {[%clk 0:34:10]} 30... Rg6 {[%clk 0:14:45]} 31. Qc8+ {
[%clk 0:28:36]} 31... Kh7 {[%clk 0:14:37]} 32. Qg4 {[%clk 0:29:02]} 32... Rxg4
{[%clk 0:14:14]} 33. hxg4 {[%clk 0:29:30]} 33... Qa2 {[%clk 0:13:41]} 34. h5 {
[%clk 0:11:23]} 34... Qxa4 {[%clk 0:13:01]} 35. Rf2 {[%clk 0:10:37]} 35... g5 {
[%clk 0:11:14]} 36. Be4+ {[%clk 0:10:45]} 36... Kg7 {[%clk 0:10:05]} 37. Kg2 {
[%clk 0:11:08]} 37... Qd1 {[%clk 0:08:28]} 38. Rf3 {[%clk 0:08:14]} 38... Qe2+
{[%clk 0:08:08]} 39. Kg1 {[%clk 0:06:38]} 39... c5 {[%clk 0:07:47]} 40. Kh1 {
[%clk 0:06:12]} 40... Kf6 {[%clk 0:07:51]} 41. Kg1 {[%clk 0:06:28]} 41... Ke7 {
[%clk 0:07:13]} 42. Kh1 {[%clk 0:06:22]} 42... Kd6 {[%clk 0:07:28]} 43. Kg1 {
[%clk 0:06:47]} 43... Kc7 {[%clk 0:07:40]} 44. Kh1 {[%clk 0:07:10]} 44... Kb6 {
[%clk 0:07:33]} 45. Kg1 {[%clk 0:07:35]} 45... Ka5 {[%clk 0:07:26]} 46. Kh1 {
[%clk 0:07:59]} 46... Kb4 {[%clk 0:07:49]} 47. Kg1 {[%clk 0:07:45]} 47... Qe1+
{[%clk 0:03:30]} 48. Kg2 {[%clk 0:08:05]} 48... Qh4 {[%clk 0:27:51]} 49. Bf5 {
[%clk 0:38:12]} 49... e4 {[%clk 0:26:11]} 50. dxe4 {[%clk 0:38:18]} 50... Qe1 {
[%clk 0:23:37]} 51. Rf1 {[%clk 0:37:40]} 51... Qg3+ {[%clk 0:22:32]} 52. Kh1 {
[%clk 0:37:53]} 52... Qh3+ {[%clk 0:22:48]} 53. Kg1 {[%clk 0:38:19]} 53... Qg3+
{[%clk 0:23:16]} 54. Kh1 {[%clk 0:38:37]} 54... f3 {[%clk 0:23:23]} 55. Rb1+ {
[%clk 0:38:55]} 55... Kc3 {[%clk 0:23:22]} 56. Rc1+ {[%clk 0:39:20]} 56... Kd2
{[%clk 0:23:35]} 57. Rc2+ {[%clk 0:39:45]} 57... Kxc2 {[%clk 0:24:00]} 58. e5+
{[%clk 0:40:12]} 58... Kd2 {[%clk 0:24:26]} 0-1

[Event "DEM U14 2018"]
[Site "Willingen GER"]
[Date "2018.05.20"]
[Round "2"]
[White "Nguyen, Alex Dac-Vuong"]
[Black "Post, Hugo"]
[Result "1-0"]
[Termination "normal"]
[Board "3"]
[WhiteElo "2167"]
[BlackElo "1983"]
[WhiteClock "00:07:31"]
[BlackClock "00:00:42"]
[PlyCount "79"]
[WhiteFideId "12984388"]
[BlackFideId "12962490"]
[EventCountry "GER"]
[EventRounds "9"]
[EventType "swiss"]
[EventDate "2018.05.19"]

1. e4 {[%clk 1:30:58]} 1... c5 {[%clk 1:30:41]} 2. Nf3 {[%clk 1:31:19]} 2... d6
{[%clk 1:30:53]} 3. d4 {[%clk 1:31:44]} 3... cxd4 {[%clk 1:31:14]} 4. Nxd4 {
[%clk 1:32:09]} 4... Nf6 {[%clk 1:31:38]} 5. Nc3 {[%clk 1:32:31]} 5... e6 {
[%clk 1:32:00]} 6. Bg5 {[%clk 1:31:21]} 6... Be7 {[%clk 1:32:02]} 7. Qd2 {
[%clk 1:31:08]} 7... a6 {[%clk 1:20:33]} 8. O-O-O {[%clk 1:27:50]} 8... Qc7 {
[%clk 1:18:37]} 9. f3 {[%clk 1:25:53]} 9... Nbd7 {[%clk 1:18:22]} 10. g4 {
[%clk 1:24:22]} 10... b5 {[%clk 1:16:23]} 11. Bd3 {[%clk 1:05:08]} 11... Bb7 {
[%clk 1:13:51]} 12. Rhe1 {[%clk 1:04:43]} 12... Rc8 {[%clk 1:09:35]} 13. Kb1 {
[%clk 1:03:47]} 13... Ne5 {[%clk 1:05:39]} 14. f4 {[%clk 0:58:08]} 14... Nc4 {
[%clk 1:00:08]} 15. Bxc4 {[%clk 0:57:59]} 15... bxc4 {[%clk 1:00:04]} 16. f5 {
[%clk 0:51:01]} 16... e5 {[%clk 0:56:48]} 17. Bxf6 {[%clk 0:51:17]} 17... gxf6
{[%clk 0:56:26]} 18. Nde2 {[%clk 0:51:32]} 18... Qb6 {[%clk 0:35:33]} 19. Na4 {
[%clk 0:37:10]} 19... Qb5 {[%clk 0:34:26]} 20. Nec3 {[%clk 0:37:21]} 20... Qa5
{[%clk 0:28:21]} 21. Qe3 {[%clk 0:36:01]} 21... Rc6 {[%clk 0:15:35]} 22. Qa7 {
[%clk 0:27:51]} 22... Bc8 {[%clk 0:10:33]} 23. Nd5 {[%clk 0:20:47]} 23... Bd8 {
[%clk 0:10:48]} 24. Nac3 {[%clk 0:21:10]} 24... Qc5 {[%clk 0:09:21]} 25. Qxc5 {
[%clk 0:20:21]} 25... Rxc5 {[%clk 0:09:49]} 26. Re3 {[%clk 0:17:55]} 26... Bb7
{[%clk 0:08:06]} 27. b4 {[%clk 0:14:41]} 27... cxb3 {[%clk 0:07:07]} 28. axb3 {
[%clk 0:15:03]} 28... Kf8 {[%clk 0:06:11]} 29. Kb2 {[%clk 0:13:31]} 29... Kg7 {
[%clk 0:06:00]} 30. Rg3 {[%clk 0:13:28]} 30... h6 {[%clk 0:04:50]} 31. b4 {
[%clk 0:11:17]} 31... Rc4 {[%clk 0:04:20]} 32. Kb3 {[%clk 0:08:26]} 32... Bxd5
{[%clk 0:02:36]} 33. Rxd5 {[%clk 0:08:37]} 33... Rd4 {[%clk 0:03:01]} 34. Rd3 {
[%clk 0:08:22]} 34... Rxd3 {[%clk 0:03:01]} 35. Rxd3 {[%clk 0:08:37]} 35... Bc7
{[%clk 0:03:10]} 36. Nd5 {[%clk 0:09:02]} 36... Bb8 {[%clk 0:03:23]} 37. h4 {
[%clk 0:07:32]} 37... Rd8 {[%clk 0:02:05]} 38. Rc3 {[%clk 0:07:23]} 38... Rd7 {
[%clk 0:01:23]} 39. Rc6 {[%clk 0:07:20]} 39... Ra7 {[%clk 0:00:42]} 40. Ka4 {
[%clk 0:07:31]} 1-0

[Event "DEM U14 2018"]
[Site "Willingen GER"]
[Date "2018.05.20"]
[Round "2"]
[White "Musiolik, David"]
[Black "Kölle, Tobias"]
[Result "1/2-1/2"]
[Termination "normal"]
[Board "4"]
[WhiteElo "2089"]
[BlackElo "2226"]
[WhiteClock "00:07:48"]
[BlackClock "00:37:11"]
[PlyCount "57"]
[WhiteFideId "12972355"]
[BlackFideId "16207378"]
[EventCountry "GER"]
[EventRounds "9"]
[EventType "swiss"]
[EventDate "2018.05.19"]

1. e4 {[%clk 1:30:56]} 1... e5 {[%clk 1:30:42]} 2. Nf3 {[%clk 1:31:22]} 2...
Nc6 {[%clk 1:31:00]} 3. Bb5 {[%clk 1:31:48]} 3... a6 {[%clk 1:31:07]} 4. Ba4 {
[%clk 1:32:12]} 4... Nf6 {[%clk 1:31:02]} 5. O-O {[%clk 1:32:09]} 5... b5 {
[%clk 1:31:22]} 6. Bb3 {[%clk 1:32:09]} 6... Be7 {[%clk 1:31:35]} 7. Re1 {
[%clk 1:32:00]} 7... O-O {[%clk 1:31:44]} 8. a4 {[%clk 1:32:17]} 8... Bb7 {
[%clk 1:31:37]} 9. Nc3 {[%clk 1:18:28]} 9... b4 {[%clk 1:31:13]} 10. Nd5 {
[%clk 1:17:54]} 10... Na5 {[%clk 1:28:49]} 11. Ba2 {[%clk 1:14:52]} 11... Bxd5
{[%clk 1:20:14]} 12. exd5 {[%clk 1:13:06]} 12... e4 {[%clk 1:13:19]} 13. Ng5 {
[%clk 1:09:57]} 13... b3 {[%clk 1:10:39]} 14. cxb3 {[%clk 1:04:18]} 14... Nxd5
{[%clk 1:10:09]} 15. Nxe4 {[%clk 1:04:43]} 15... Nb4 {[%clk 1:07:44]} 16. Bb1 {
[%clk 1:03:27]} 16... d5 {[%clk 1:07:41]} 17. Nc3 {[%clk 1:03:01]} 17... d4 {
[%clk 1:07:54]} 18. Qh5 {[%clk 1:02:33]} 18... f5 {[%clk 0:58:43]} 19. Bxf5 {
[%clk 1:01:18]} 19... Rxf5 {[%clk 0:57:35]} 20. Qxf5 {[%clk 1:01:38]} 20...
dxc3 {[%clk 0:57:54]} 21. bxc3 {[%clk 0:41:56]} 21... Qd5 {[%clk 0:49:09]} 22.
Qg4 {[%clk 0:23:28]} 22... Nbc6 {[%clk 0:47:31]} 23. b4 {[%clk 0:21:07]} 23...
Nc4 {[%clk 0:42:49]} 24. Qe6+ {[%clk 0:20:20]} 24... Qxe6 {[%clk 0:43:02]} 25.
Rxe6 {[%clk 0:20:48]} 25... Bd6 {[%clk 0:42:22]} 26. d3 {[%clk 0:16:30]} 26...
Kf7 {[%clk 0:39:18]} 27. Re4 {[%clk 0:11:53]} 27... Nb6 {[%clk 0:38:46]} 28.
Bf4 {[%clk 0:11:03]} 28... Nd5 {[%clk 0:37:11]} 29. Bxd6 {[%clk 0:07:48]}
1/2-1/2

[Event "DEM U14 2018"]
[Site "Willingen GER"]
[Date "2018.05.20"]
[Round "2"]
[White "Yi, Danny"]
[Black "Bethke, Richard"]
[Result "0-1"]
[Termination "normal"]
[Board "5"]
[WhiteElo "2074"]
[BlackElo "2148"]
[WhiteClock "00:39:50"]
[BlackClock "00:55:44"]
[PlyCount "60"]
[WhiteFideId "12988588"]
[BlackFideId "12959243"]
[EventCountry "GER"]
[EventRounds "9"]
[EventType "swiss"]
[EventDate "2018.05.19"]

1. e4 {[%clk 1:30:56]} 1... e5 {[%clk 1:30:56]} 2. Nf3 {[%clk 1:31:18]} 2...
Nc6 {[%clk 1:31:23]} 3. Bc4 {[%clk 1:31:37]} 3... Bc5 {[%clk 1:31:48]} 4. O-O {
[%clk 1:31:57]} 4... Nf6 {[%clk 1:32:10]} 5. d3 {[%clk 1:32:11]} 5... d6 {
[%clk 1:32:32]} 6. a4 {[%clk 1:32:35]} 6... O-O {[%clk 1:32:27]} 7. c3 { [%clk
1:32:53]} 7... a6 {[%clk 1:32:54]} 8. Nbd2 {[%clk 1:33:00]} 8... Ba7 { [%clk
1:33:06]} 9. h3 {[%clk 1:33:06]} 9... Ne7 {[%clk 1:33:30]} 10. Re1 { [%clk
1:33:08]} 10... c6 {[%clk 1:33:52]} 11. Bb3 {[%clk 1:31:58]} 11... Ng6 { [%clk
1:33:58]} 12. Nf1 {[%clk 1:32:02]} 12... h6 {[%clk 1:31:32]} 13. Ng3 { [%clk
1:31:10]} 13... Be6 {[%clk 1:31:10]} 14. Bc2 {[%clk 1:30:37]} 14... Nh7 { [%clk
1:28:06]} 15. d4 {[%clk 1:26:36]} 15... Qf6 {[%clk 1:24:09]} 16. Be3 { [%clk
1:20:56]} 16... Ng5 {[%clk 1:22:53]} 17. Nf5 {[%clk 1:08:55]} 17... Nxf3+
{[%clk 1:09:40]} 18. Qxf3 {[%clk 1:08:14]} 18... Nh4 {[%clk 1:09:04]} 19. Nxh4
{[%clk 1:02:47]} 19... Qxh4 {[%clk 1:09:28]} 20. dxe5 {[%clk 1:01:42]} 20...
Bxe3 {[%clk 1:09:30]} 21. Qxe3 {[%clk 1:01:25]} 21... dxe5 {[%clk 1:09:51]} 22.
Rad1 {[%clk 0:54:56]} 22... Rfd8 {[%clk 1:08:26]} 23. Qc5 {[%clk 0:49:09]}
23... Qg5 {[%clk 1:06:35]} 24. h4 {[%clk 0:47:37]} 24... Qf4 {[%clk 1:01:30]}
25. Rd6 {[%clk 0:46:17]} 25... Qxh4 {[%clk 0:59:48]} 26. Qxe5 {[%clk 0:45:23]}
26... Rxd6 {[%clk 0:58:29]} 27. Qxd6 {[%clk 0:43:44]} 27... Rd8 {[%clk 0:58:47]
} 28. Qc5 {[%clk 0:42:07]} 28... Rd2 {[%clk 0:59:06]} 29. Rc1 {[%clk 0:41:21]}
29... Qg4 {[%clk 0:55:48]} 30. Qe3 {[%clk 0:39:50]} 30... Rxc2 {[%clk 0:55:44]}
0-1

[Event "DEM U14 2018"]
[Site "Willingen GER"]
[Date "2018.05.20"]
[Round "2"]
[White "Colbow, Collin"]
[Black "Wu, Luka"]
[Result "0-1"]
[Termination "normal"]
[Board "6"]
[WhiteElo "2148"]
[BlackElo "1953"]
[WhiteClock "00:01:54"]
[BlackClock "00:17:20"]
[PlyCount "62"]
[WhiteFideId "16201132"]
[BlackFideId "12977420"]
[EventCountry "GER"]
[EventRounds "9"]
[EventType "swiss"]
[EventDate "2018.05.19"]

1. e4 {[%clk 1:30:56]} 1... c5 {[%clk 1:30:56]} 2. Nf3 {[%clk 1:31:23]} 2... d6
{[%clk 1:31:22]} 3. d4 {[%clk 1:31:47]} 3... cxd4 {[%clk 1:31:49]} 4. Nxd4 {
[%clk 1:32:12]} 4... Nf6 {[%clk 1:32:14]} 5. Nc3 {[%clk 1:32:38]} 5... a6 {
[%clk 1:32:40]} 6. f4 {[%clk 1:33:03]} 6... e5 {[%clk 1:33:01]} 7. Nf3 { [%clk
1:33:22]} 7... Nbd7 {[%clk 1:33:18]} 8. a4 {[%clk 1:33:37]} 8... Be7 { [%clk
1:33:29]} 9. Bd3 {[%clk 1:33:53]} 9... O-O {[%clk 1:33:48]} 10. O-O { [%clk
1:34:09]} 10... exf4 {[%clk 1:34:09]} 11. Kh1 {[%clk 1:30:25]} 11... Nc5 {[%clk
1:33:56]} 12. Bxf4 {[%clk 1:29:54]} 12... Bg4 {[%clk 1:31:08]} 13. h3 { [%clk
1:25:43]} 13... Bh5 {[%clk 1:31:25]} 14. Qe1 {[%clk 1:15:23]} 14... Re8 { [%clk
1:26:16]} 15. Nd4 {[%clk 1:10:29]} 15... Bg6 {[%clk 1:24:14]} 16. Nf5 { [%clk
1:00:20]} 16... Bxf5 {[%clk 1:22:17]} 17. exf5 {[%clk 1:00:40]} 17... d5 {[%clk
1:16:56]} 18. Qd1 {[%clk 0:55:21]} 18... Qb6 {[%clk 1:12:44]} 19. b3 { [%clk
0:47:52]} 19... Bd6 {[%clk 1:07:14]} 20. Ne2 {[%clk 0:31:56]} 20... Nh5 { [%clk
0:59:02]} 21. Bxd6 {[%clk 0:28:12]} 21... Qxd6 {[%clk 0:57:59]} 22. Rf3 { [%clk
0:27:32]} 22... Qe5 {[%clk 0:53:42]} 23. Ra2 {[%clk 0:22:49]} 23... Rac8 {[%clk
0:39:32]} 24. c3 {[%clk 0:21:33]} 24... Ne4 {[%clk 0:38:37]} 25. c4 { [%clk
0:12:50]} 25... dxc4 {[%clk 0:32:20]} 26. Bxc4 {[%clk 0:11:05]} 26... Rcd8
{[%clk 0:32:11]} 27. Qc1 {[%clk 0:09:49]} 27... b5 {[%clk 0:28:10]} 28. axb5
{[%clk 0:07:54]} 28... axb5 {[%clk 0:27:06]} 29. g4 {[%clk 0:05:04]} 29... bxc4
{[%clk 0:17:05]} 30. gxh5 {[%clk 0:05:22]} 30... cxb3 {[%clk 0:17:20]} 31. Rxb3
{[%clk 0:01:54]} 31... Rd1+ 0-1

[Event "DEM U14 2018"]
[Site "Willingen GER"]
[Date "2018.05.20"]
[Round "2"]
[White "Pahl, Erik"]
[Black "Dobrikov, Marco"]
[Result "1/2-1/2"]
[Termination "normal"]
[Board "7"]
[WhiteElo "2053"]
[BlackElo "2151"]
[WhiteClock "00:07:20"]
[BlackClock "00:10:02"]
[PlyCount "111"]
[WhiteFideId "16201272"]
[BlackFideId "12950378"]
[EventCountry "GER"]
[EventRounds "9"]
[EventType "swiss"]
[EventDate "2018.05.19"]

1. e4 {[%clk 1:30:56]} 1... c5 {[%clk 1:30:54]} 2. Nf3 {[%clk 1:31:19]} 2... d6
{[%clk 1:31:21]} 3. d4 {[%clk 1:31:43]} 3... cxd4 {[%clk 1:31:47]} 4. Nxd4 {
[%clk 1:32:07]} 4... Nf6 {[%clk 1:32:13]} 5. Nc3 {[%clk 1:32:26]} 5... a6 {
[%clk 1:32:40]} 6. Bg5 {[%clk 1:32:49]} 6... Nbd7 {[%clk 1:33:01]} 7. Bc4 {
[%clk 1:33:10]} 7... e6 {[%clk 1:33:08]} 8. O-O {[%clk 1:33:30]} 8... b5 {
[%clk 1:21:18]} 9. Bb3 {[%clk 1:27:18]} 9... Nc5 {[%clk 1:20:45]} 10. Re1 {
[%clk 1:21:03]} 10... Bb7 {[%clk 1:19:27]} 11. f4 {[%clk 1:02:00]} 11... Be7 {
[%clk 1:02:21]} 12. f5 {[%clk 0:57:51]} 12... e5 {[%clk 0:59:24]} 13. Bxf6 {
[%clk 0:56:30]} 13... Bxf6 {[%clk 0:59:50]} 14. Nf3 {[%clk 0:56:48]} 14... Nxb3
{[%clk 0:59:25]} 15. axb3 {[%clk 0:56:10]} 15... Qb6+ {[%clk 0:59:24]} 16. Kh1
{[%clk 0:56:11]} 16... Qc5 {[%clk 0:59:36]} 17. Qd3 {[%clk 0:50:18]} 17... O-O
{[%clk 0:57:57]} 18. g4 {[%clk 0:45:31]} 18... Rfd8 {[%clk 0:54:31]} 19. Nd5 {
[%clk 0:43:13]} 19... Bxd5 {[%clk 0:54:01]} 20. exd5 {[%clk 0:42:28]} 20... e4
{[%clk 0:50:46]} 21. Rxe4 {[%clk 0:41:26]} 21... Bxb2 {[%clk 0:51:11]} 22. Rb1
{[%clk 0:41:01]} 22... Bc3 {[%clk 0:49:03]} 23. b4 {[%clk 0:30:22]} 23... Qc7 {
[%clk 0:48:58]} 24. Qe3 {[%clk 0:29:56]} 24... Rac8 {[%clk 0:46:15]} 25. Rg1 {
[%clk 0:27:02]} 25... Bb2 {[%clk 0:41:38]} 26. Rg2 {[%clk 0:26:25]} 26... Qc3 {
[%clk 0:40:07]} 27. Re2 {[%clk 0:25:33]} 27... Qxe3 {[%clk 0:38:10]} 28. R4xe3
{[%clk 0:25:29]} 28... Bc3 {[%clk 0:37:51]} 29. Re4 {[%clk 0:24:45]} 29... Kf8
{[%clk 0:37:25]} 30. Kg2 {[%clk 0:19:13]} 30... Re8 {[%clk 0:31:46]} 31. Kf2 {
[%clk 0:15:02]} 31... Bb2 {[%clk 0:26:30]} 32. Ne1 {[%clk 0:14:36]} 32... Rxe4
{[%clk 0:25:36]} 33. Rxe4 {[%clk 0:15:02]} 33... Bc3 {[%clk 0:21:45]} 34. Nd3 {
[%clk 0:14:15]} 34... Rc4 {[%clk 0:20:47]} 35. Kf3 {[%clk 0:12:48]} 35... Bd2 {
[%clk 0:19:40]} 36. Rxc4 {[%clk 0:11:08]} 36... bxc4 {[%clk 0:20:07]} 37. Nb2 {
[%clk 0:11:14]} 37... Bxb4 {[%clk 0:20:24]} 38. Nxc4 {[%clk 0:11:35]} 38... a5
{[%clk 0:20:05]} 39. Nb6 {[%clk 0:11:07]} 39... Ke7 {[%clk 0:20:28]} 40. Ke4 {
[%clk 0:11:06]} 40... h5 {[%clk 0:19:10]} 41. h3 {[%clk 0:09:13]} 41... hxg4 {
[%clk 0:19:33]} 42. hxg4 {[%clk 0:09:39]} 42... Kf6 {[%clk 0:19:51]} 43. Na4 {
[%clk 0:09:48]} 43... Kg5 {[%clk 0:18:44]} 44. Kf3 {[%clk 0:10:14]} 44... Kh4 {
[%clk 0:18:36]} 45. Nb6 {[%clk 0:10:06]} 45... Bc5 {[%clk 0:18:22]} 46. Na4 {
[%clk 0:10:21]} 46... Bd4 {[%clk 0:18:21]} 47. Kf4 {[%clk 0:10:00]} 47... g5+ {
[%clk 0:15:13]} 48. fxg6 {[%clk 0:09:43]} 48... fxg6 {[%clk 0:15:42]} 49. c4 {
[%clk 0:08:28]} 49... Be5+ {[%clk 0:14:56]} 50. Kf3 {[%clk 0:08:47]} 50... Bd4
{[%clk 0:11:54]} 51. Kf4 {[%clk 0:08:55]} 51... Ba7 {[%clk 0:10:59]} 52. Kf3 {
[%clk 0:07:13]} 52... g5 {[%clk 0:09:17]} 53. c5 {[%clk 0:06:09]} 53... dxc5 {
[%clk 0:09:07]} 54. d6 {[%clk 0:06:34]} 54... Bb8 {[%clk 0:09:34]} 55. d7 {
[%clk 0:07:00]} 55... Bc7 {[%clk 0:10:02]} 56. Nxc5 {[%clk 0:07:20]} 1/2-1/2

[Event "DEM U14 2018"]
[Site "Willingen GER"]
[Date "2018.05.20"]
[Round "2"]
[White "Pubantz, Jan"]
[Black "Morgenstern, Tobias"]
[Result "1/2-1/2"]
[Termination "normal"]
[Board "8"]
[WhiteElo "2107"]
[BlackElo "1730"]
[WhiteClock "00:15:06"]
[BlackClock "00:44:17"]
[PlyCount "50"]
[WhiteFideId "12996114"]
[BlackFideId "12974390"]
[EventCountry "GER"]
[EventRounds "9"]
[EventType "swiss"]
[EventDate "2018.05.19"]

1. d4 {[%clk 1:30:57]} 1... Nf6 {[%clk 1:30:53]} 2. c4 {[%clk 1:31:17]} 2... c5
{[%clk 1:31:17]} 3. Nf3 {[%clk 1:31:39]} 3... cxd4 {[%clk 1:31:07]} 4. Nxd4 {
[%clk 1:32:03]} 4... e5 {[%clk 1:31:29]} 5. Nb5 {[%clk 1:31:53]} 5... d5 {
[%clk 1:31:45]} 6. cxd5 {[%clk 1:32:15]} 6... Bc5 {[%clk 1:32:08]} 7. N5c3 {
[%clk 1:32:33]} 7... O-O {[%clk 1:28:42]} 8. g3 {[%clk 1:32:48]} 8... a6 {
[%clk 1:27:05]} 9. Bg2 {[%clk 1:31:15]} 9... b5 {[%clk 1:25:29]} 10. O-O {
[%clk 1:28:46]} 10... Bb7 {[%clk 1:25:16]} 11. Bg5 {[%clk 1:21:23]} 11... Nbd7
{[%clk 1:24:07]} 12. Nd2 {[%clk 1:18:30]} 12... h6 {[%clk 1:23:59]} 13. Bxf6 {
[%clk 1:18:20]} 13... Nxf6 {[%clk 1:24:11]} 14. Rc1 {[%clk 1:01:02]} 14... Ba7
{[%clk 1:21:47]} 15. Nde4 {[%clk 0:55:14]} 15... Nxd5 {[%clk 1:21:04]} 16. Nxd5
{[%clk 0:46:04]} 16... Bxd5 {[%clk 1:21:13]} 17. Qxd5 {[%clk 0:38:49]} 17...
Qxd5 {[%clk 1:21:05]} 18. Nf6+ {[%clk 0:39:13]} 18... gxf6 {[%clk 1:21:21]} 19.
Bxd5 {[%clk 0:39:37]} 19... Rad8 {[%clk 1:19:25]} 20. Bb7 {[%clk 0:27:35]}
20... Rd2 {[%clk 1:11:30]} 21. Rc6 {[%clk 0:19:15]} 21... Rb8 {[%clk 1:01:00]}
22. Bxa6 {[%clk 0:18:54]} 22... Rxb2 {[%clk 0:47:33]} 23. a3 {[%clk 0:17:55]}
23... Kg7 {[%clk 0:45:42]} 24. e3 {[%clk 0:15:54]} 24... Ra2 {[%clk 0:44:44]}
25. Rb1 {[%clk 0:15:06]} 25... Rxa3 {[%clk 0:44:17]} 1/2-1/2